邊緣上的神學反思 : 徘徊在大學, 敎會與神學反思 Bian yuan shang de shen xue fan si : (Record no. 37837)
[ view plain ]
| 000 -LEADER | |
|---|---|
| fixed length control field | 01618cam a2200373Ia 4500 |
| 001 - CONTROL NUMBER | |
| control field | 11912334 |
| 003 - CONTROL NUMBER IDENTIFIER | |
| control field | OSt |
| 005 - DATE AND TIME OF LATEST TRANSACTION | |
| control field | 20141017145543.0 |
| 008 - FIXED-LENGTH DATA ELEMENTS--GENERAL INFORMATION | |
| fixed length control field | 020503s2001 cc b 000 0 chi d |
| 020 ## - INTERNATIONAL STANDARD BOOK NUMBER | |
| International Standard Book Number | 9622940315 |
| 020 ## - INTERNATIONAL STANDARD BOOK NUMBER | |
| International Standard Book Number | 9789622940314 |
| 100 1# - MAIN ENTRY--PERSONAL NAME | |
| Personal name | 賴品超.Lai, Pan-Chiu. |
| 245 10 - TITLE STATEMENT | |
| Title | 邊緣上的神學反思 : 徘徊在大學, 敎會與神學反思 Bian yuan shang de shen xue fan si : |
| Remainder of title | pai huai zai da xue, jiao hui yu shen xue fan si = Theological reflections on the boundaries: between university, church and society {ch} / |
| Statement of responsibility, etc | 賴品超著 Lai Pinchao zhu. |
| 246 30 - VARYING FORM OF TITLE | |
| Title proper/short title | Pai huai zai da xue, jiao hui yu shen xue fan si |
| 246 33 - VARYING FORM OF TITLE | |
| Title proper/short title | Theological reflections on the boundaries: between university, church and society |
| 250 ## - EDITION STATEMENT | |
| Edition statement | 1st ed. |
| 260 ## - PUBLICATION, DISTRIBUTION, ETC. (IMPRINT) | |
| Place of publication, distribution, etc | Xianggang : |
| Name of publisher, distributor, etc | Jidu jiao wen yi chu ban she, |
| Date of publication, distribution, etc | 2001. |
| 300 ## - PHYSICAL DESCRIPTION | |
| Extent | xvii, 229 p. ; |
| Dimensions | 22 cm. |
| 336 ## - CONTENT TYPE | |
| Source | rdacontent |
| 337 ## - MEDIA TYPE | |
| Source | rdamedia |
| 338 ## - CARRIER TYPE | |
| Source | rdacarrier |
| 500 ## - GENERAL NOTE | |
| General note | Colophon title also in English : Theological reflections on the boundaries: between university, church and society. |
| 504 ## - BIBLIOGRAPHY, ETC. NOTE | |
| Linkage | 880-06 |
| Bibliography, etc | Includes bibliographical references. |
| 650 #0 - SUBJECT ADDED ENTRY--TOPICAL TERM | |
| Topical term or geographic name as entry element | Theology |
| Geographic subdivision | China {ch}. |
| 650 #7 - SUBJECT ADDED ENTRY--TOPICAL TERM | |
| Topical term or geographic name as entry element | Theology, Doctrinal {ch}. |
| Source of heading or term | fast |
| 651 #7 - SUBJECT ADDED ENTRY--GEOGRAPHIC NAME | |
| Geographic name | China {ch}. |
| Source of heading or term | fast |
| 880 1# - ALTERNATE GRAPHIC REPRESENTATION | |
| Linkage | 100-01 |
| a | 賴品超. |
| 880 10 - ALTERNATE GRAPHIC REPRESENTATION | |
| Linkage | 245-02 |
| a | 邊緣上的神學反思 : |
| b | 徘徊在大學, 敎會與神學反思 / |
| c | 賴品超著. |
| 880 30 - ALTERNATE GRAPHIC REPRESENTATION | |
| Linkage | 246-03 |
| a | 徘徊在大學, 敎會與神學反思 |
| 880 ## - ALTERNATE GRAPHIC REPRESENTATION | |
| Linkage | 250-04 |
| a | 初版. |
| 880 ## - ALTERNATE GRAPHIC REPRESENTATION | |
| Linkage | 260-05 |
| a | 香港 : |
| b | 基督敎文藝出版社, |
| c | 2001. |
| 880 ## - ALTERNATE GRAPHIC REPRESENTATION | |
| Linkage | 504-06 |
| a | 附參考文獻. |
| 942 ## - ADDED ENTRY ELEMENTS (KOHA) | |
| Source of classification or shelving scheme | Library of Congress Classification |
| Item type | Books |
| Withdrawn status | Lost status | Source of classification or shelving scheme | Damaged status | Not for loan | Home library | Current library | Shelving location | Date acquired | Source of acquisition | Inventory number | Total Checkouts | Full call number | Barcode | Date last seen | Price effective from | Koha item type |
|---|---|---|---|---|---|---|---|---|---|---|---|---|---|---|---|---|
| Library of Congress Classification | BSOP Library | BSOP Library | Special Collections Chinese | 10/17/2014 | C-12325 | BR118 L14t 2001 | 00044725 | 10/17/2014 | 10/17/2014 | Books | ||||||
| Library of Congress Classification | BSOP Library | BSOP Library | Chinese Books (General Circulation) | 07/02/2015 | C-13757 | CH BR 118 L14t 2001 c.2 | 00046157 | 07/02/2015 | 07/02/2015 | Books |
